000 00944nam a2200253Ia 4500
008 130821s1997 sp gr spa
020 _a8477310475
040 _aCo-BoUCM
_bspa
041 0 0 _aspa
100 1 _aPolanyi, Karl
_9157492
245 1 3 _aLa gran transformación crítica del liberalismo económico
_cKarl Polanyi ; presentación y traducción Julia Varela y Fernando Alvarez-Uria
260 _aMadrid (España)
_bEdiciones de la piqueta
_c1997
300 _a466 páginas
490 _aGenealogía del poder
_v17
504 _aIncluye índices
600 _aMill, John Stuart
_d1806-1873
_xPensamiento económico
_9157493
650 0 4 _aEconomía
_9174
650 0 4 _aLiberalismo
_97786
650 0 4 _aSistemas económicos
_924652
700 1 _aAlvarez-Uria, Fernando
_etrad.
_9154989
700 1 _aVARELA, Julia.
_etrad.
_9154990
942 _cLIBRO
_a7
_e1
_mP762G
_2DEWEY
_h330.153
999 _c27014
_d27014